Detalles MARC
| 000 -LIDER |
| fixed length control field |
01044nam a2200277 a 4500 |
| 001 - NÚMERO DE CONTROL |
| Identificador de número de control |
000016884 |
| 003 - IDENTIFICACDOR DE NÚMERO DE CONTROL |
| control field |
DO-SdBNP |
| 005 - DATE AND TIME OF LATEST TRANSACTION |
| control field |
20171009110430.0 |
| 007 - CAMPOS FIJOS DE DESCRIPCIÓN FÍSICA |
| fixed length control field |
000016884 |
| 008 - ELEMENTOS DE LONGITUD FIJA |
| fixed length control field |
100312s dr 001 0 spa d |
| 040 ## - FUENTE DE CATALOGACIÓN |
| Agencia que crea de manera original el registro |
BPMSU |
| Idioma de catalogación |
spa |
| Agencia que realiza la transcripción |
BPMSU |
| 092 ## - LOCALLY ASSIGNED DEWEY DECIMAL CALL NUMBER |
| Número de clasificación |
RD864.42 |
| Número de ítem (Cutter) |
H519o 2004 |
| 100 1# - ASIENTO PRINCIPAL -- NOMBRE PERSONAL |
| Nombre personal |
Henríquez Ureña, Camila, |
| Fechas asociadas con el nombre |
1894-1973 |
| 245 10 - MENCIÓN DE TITULO |
| Título |
Obras y apuntes / |
| Mención de responsabilidad |
Camila Henríquez Ureña. |
| 260 ## - PUBLICACIÓN, DISTRIBUCIÓN, ETC. (PIE DE IMPRENTA) |
| Lugar de publicación, distribución, etc |
Santo Domingo : |
| Nombre del editor, distribuidor, etc. |
Banreservas: |
| -- |
Universal, |
| Fecha de publicación, distribución, etc |
[200?] |
| 300 ## - DESCRIPCIÓN FÍSICA |
| Extensión |
v. ; |
| Dimensiones |
23 cm. |
| 500 ## - NOTA GENERAL |
| Nota general |
Incluye índice onomástico. |
| 500 ## - NOTA GENERAL |
| Nota general |
La biblioteca posee los volumenes 2, 5 y 6 |
| 500 ## - NOTA GENERAL |
| Nota general |
Incluye referencias bibliográficas y notas al pie de las páginas |
| 505 ## - NOTA DE CONTENIDO |
| Información miscelánea |
v. 2 : |
| Título |
La mujer -- |
| Información miscelánea |
v. 5 : |
| Título |
Literatura hispanoamericana -- |
| Información miscelánea |
v. 6 : |
| Título |
Sobre literatura española -- |
| 600 14 - ENCABEZAMIENTO DE MATERIA--NOMBRE PERSONAL |
| Nombre personal |
HENRÍQUEZ UREÑA, CAMILA, |
| Fechas asociadas con el nombre |
1894-1973 |
| Subdivisión temática general |
COLECCIONES DE ESCRITOS |
| 910 ## - VALIDACIÓN |
| Validación |
Validado. Control de calidad BNPHU |
| 942 ## - ADDED ENTRY ELEMENTS (KOHA) |
| Source of classification or shelving scheme |
Dewey Decimal Classification |
| Koha item type |
Libros |
| 945 ## - INFORMACIÓN DE PROCESAMIENTO LOCAL |
| Información de procesamiento local |
Título remanejado para BNPHU / 2017 VM |
| 956 ## - LOCAL ELECTRONIC LOCATION AND ACCESS (OCLC) |
| Nombre de host |
VMATEO |
| Número de acceso |
10 |
| Información de compresión |
20150712 |
| Inicio de sesión |
BPMSU |
| Procesador de solicitud |
00151 |